000 00584nam a22002052 4500
001 0000020627
005 20151217152218.0
008 110928s xx 000 0 eng d
020 _a0195676874 :
040 _aKABU
_cKABU
100 1 _aDutta, Aloke K.
_@0000181080
245 1 0 _aSemiconductor devices and circuits /
_cAloke K. Dutta.
250 _a1st ed.
260 _aOxford :
_bO. U. P.,
_c2008.
300 _axii, 848 p.
650 0 _aSemiconductors.
_@0000156427
852 1 _9p3640 KES
908 _a110928
950 _@1
999 _c9425
_d9425